00743 a2200205 4500999001500000010001400015020002300029035001300052037001500065082001200080245011600092260003300208270006500241300002600306500001900332700002200351700002000373942003100393952011300424 c4991d4991 aENG-86686 c395.00a8178241722 aEN-70219 bDBAD / PUB14a891.4041 aIndia's literary history :cedited by Stuart Blackburn [and] Vasudha Dalmiabessays on the nineteenth century / aDelhibPermanent Blackc2006 aD-28, Oxford Apartments, 11, I. P. ExtensionbDelhie110 092 axi, 515 pc22cm (Pbk) aIncludes index1 aBlackburn, Stuart1 aDalmia, Vasudha adplcEN2ddch891.404mIND 001040718NFICaDBADbDBADeDBAD/PUBg395.00l0o891.404 INDpEN-70219r2008-09-15 00:00:00t1v395.00yEN